[Event "HUN-chT2 Asztalos 1718"]
[Site "Hungary"]
[Date "2018.03.04"]
[Round "7.3"]
[White "Kadlicsko, Jozsef"]
[Black "Nemeth, Antal"]
[Result "0-1"]
[WhiteElo "2122"]
[BlackElo "2252"]
[PlyCount "74"]
[EventDate "2017.10.29"]
[EventType "team-tourn"]
[EventRounds "9"]
[EventCountry "HUN"]
[SourceTitle "EXT 2021"]
[Source "ChessBase"]
[SourceDate "2020.10.23"]
[SourceVersion "1"]
[SourceVersionDate "2020.10.23"]
[SourceQuality "1"]
[WhiteTeam "Kaposvar Bastya"]
[BlackTeam "Baja"]
[WhiteTeamCountry "HUN"]
[BlackTeamCountry "HUN"]

1. e4 c5 2. Nf3 e6 3. d4 cxd4 4. Nxd4 a6 5. g3 Nf6 6. Bg2 Qc7 7. Be3 Nc6 8. 0-0 Be7 9. Qe2 d6 10. Nc3 Bd7 11. f4 Nxd4 12. Bxd4 e5 13. Be3 Rc8 14. f5 Qc4 15. Qf3 h5 16. h3 Qb4 17. Rab1 b5 18. Rfd1 Qc4 19. Bf1 Qc7 20. a3 Qb7 21. Bd3 Bc6 22. g4 hxg4 23. hxg4 Rh4 24. g5 Nxe4 25. Nxe4 Bxe4 26. Qg3 Rh1+ 27. Kf2 Rxd1 28. Rxd1 Bxd3 29. cxd3 Rc2+ 30. Rd2 Qc6 31. g6 Bf6 32. Ke2 Rc1 33. gxf7+ Kxf7 34. Qg6+ Ke7 35. Bf2 Qh1 36. Qg3 d5 37. Qf3 Qf1+ 0-1

[Event "HUN-chT2 Asztalos 1617"]
[Site "Hungary"]
[Date "2016.11.27"]
[Round "5.3"]
[White "Nemeth, Antal"]
[Black "Toth, David"]
[Result "1-0"]
[WhiteElo "2269"]
[BlackElo "1972"]
[PlyCount "59"]
[EventDate "2016.09.25"]
[EventType "team-tourn"]
[EventRounds "11"]
[EventCountry "HUN"]
[SourceTitle "EXT 2021"]
[Source "ChessBase"]
[SourceDate "2020.10.23"]
[SourceVersion "1"]
[SourceVersionDate "2020.10.23"]
[SourceQuality "1"]
[WhiteTeam "Baja"]
[BlackTeam "Pecs Karmin"]
[WhiteTeamCountry "HUN"]
[BlackTeamCountry "HUN"]

1. Nf3 Nf6 2. g3 d5 3. Bg2 c5 4. 0-0 Nc6 5. d4 e6 6. c4 cxd4 7. Nxd4 Be7 8. Nc3 0-0 9. Bf4 Nxd4 10. Qxd4 dxc4 11. Qxc4 Qa5 12. Qb5 Qxb5 13. Nxb5 Nh5 14. Be3 Bd7 15. Nxa7 e5 16. Rfc1 Bg4 17. Rc7 Bd6 18. Rxb7 Bxe2 19. b4 Rab8 20. Rxb8 Rxb8 21. a3 Nf6 22. Rc1 e4 23. Bd4 Bd3 24. Rc8+ Rxc8 25. Nxc8 Bc7 26. Na7 Nd5 27. Bf1 Bc2 28. Nb5 Bb6 29. Bc4 Bxd4 30. Nxd4 1-0

[Event "HUN-chT2 Asztalos 1516"]
[Site "Hungary"]
[Date "2016.02.28"]
[Round "8.4"]
[White "Balazs, Adorjan"]
[Black "Nemeth, Antal"]
[Result "1/2-1/2"]
[WhiteElo "2075"]
[BlackElo "2281"]
[PlyCount "42"]
[EventDate "2015.09.13"]
[EventType "team-tourn"]
[EventRounds "11"]
[EventCountry "HUN"]
[SourceTitle "EXT 2017"]
[Source "ChessBase"]
[SourceDate "2016.10.25"]
[SourceVersion "1"]
[SourceVersionDate "2016.10.25"]
[SourceQuality "1"]
[WhiteTeam "Szentlorinc"]
[BlackTeam "Baja Spartacus"]
[WhiteTeamCountry "HUN"]
[BlackTeamCountry "HUN"]

1. e4 c5 2. Nf3 d6 3. d4 cxd4 4. Nxd4 Nf6 5. Nc3 a6 6. Bg5 e6 7. f4 Be7 8. Qf3 Qc7 9. 0-0-0 Nbd7 10. g4 b5 11. Bxf6 Nxf6 12. g5 Nd7 13. f5 Bxg5+ 14. Kb1 Ne5 15. Qh5 Qe7 16. Nxe6 Bxe6 17. fxe6 g6 18. exf7+ Kxf7 19. Qe2 Kg7 20. Nd5 Qd8 21. h4 Bh6 1/2-1/2

[Event "HUN-chT2 Asztalos 1516"]
[Site "Hungary"]
[Date "2015.10.18"]
[Round "3.3"]
[White "Nemeth, Antal"]
[Black "Kiss, Tamas B"]
[Result "1-0"]
[WhiteElo "2281"]
[BlackElo "1995"]
[PlyCount "57"]
[EventDate "2015.09.13"]
[EventType "team-tourn"]
[EventRounds "11"]
[EventCountry "HUN"]
[SourceTitle "CBM 170 Extra"]
[Source "ChessBase"]
[SourceDate "2016.02.25"]
[SourceVersion "1"]
[SourceVersionDate "2016.02.25"]
[SourceQuality "1"]
[WhiteTeam "Baja Spartacus"]
[BlackTeam "Pecs Karmin"]
[WhiteTeamCountry "HUN"]
[BlackTeamCountry "HUN"]

1. Nf3 Nf6 2. g3 g6 3. d4 Bg7 4. Bg2 d5 5. c4 e6 6. Nc3 0-0 7. 0-0 c5 8. dxc5 Nc6 9. Bf4 a6 10. Ne5 Ne8 11. Nxc6 bxc6 12. Qa4 e5 13. Qxc6 Rb8 14. Bc1 Bb7 15. Qa4 d4 16. Nd5 Bxd5 17. cxd5 Rb5 18. b4 f5 19. d6 e4 20. Rb1 Qc8 21. Rd1 f4 22. Bxe4 fxg3 23. hxg3 Qg4 24. Bf3 Qh3 25. Qxa6 Be5 26. Qxb5 Bxg3 27. Qc4+ Rf7 28. fxg3 Qxg3+ 29. Kf1 1-0

[Event "HUN-chT2 Asztalos 1415"]
[Site "Hungary"]
[Date "2015.04.26"]
[Round "9.1"]
[White "Horvath, Peter"]
[Black "Nemeth, Antal"]
[Result "1/2-1/2"]
[WhiteElo "2443"]
[BlackElo "2283"]
[PlyCount "54"]
[EventDate "2014.10.12"]
[EventType "team-tourn"]
[EventRounds "9"]
[EventCountry "HUN"]
[SourceTitle "EXT 2016"]
[Source "ChessBase"]
[SourceDate "2015.10.08"]
[SourceVersion "1"]
[SourceVersionDate "2015.10.08"]
[SourceQuality "1"]
[WhiteTeam "Pecs Karmin"]
[BlackTeam "Baja Spartacus"]
[WhiteTeamCountry "HUN"]
[BlackTeamCountry "HUN"]

1. d4 Nf6 2. c4 g6 3. Nc3 d5 4. cxd5 Nxd5 5. Bd2 Nb6 6. Bg5 Bg7 7. Nf3 h6 8. Bh4 c5 9. e3 Nc6 10. Bb5 0-0 11. dxc5 Nd7 12. 0-0 g5 13. Bg3 Nxc5 14. Bxc6 bxc6 15. Qc2 Qd3 16. Qc1 Ba6 17. Rd1 Qc4 18. Nd2 Qe6 19. b4 Nd3 20. Qa3 c5 21. bxc5 Rfc8 22. Nf3 Bxc3 23. Qxc3 Rxc5 24. Qa3 Rac8 25. h3 Rc3 26. Qa5 R3c5 27. Qa3 Rc3 1/2-1/2

[Event "HUN-chT2 Asztalos 1314"]
[Site "Hungary"]
[Date "2013.09.22"]
[Round "2"]
[White "Mathe, Gaspar"]
[Black "Nemeth, Antal"]
[Result "1-0"]
[WhiteElo "2325"]
[BlackElo "2309"]
[PlyCount "67"]
[EventDate "2013.09.08"]
[EventType "team-tourn"]
[EventRounds "9"]
[EventCountry "HUN"]
[SourceTitle "EXT 2016"]
[Source "ChessBase"]
[SourceDate "2015.10.08"]
[SourceVersion "1"]
[SourceVersionDate "2015.10.08"]
[SourceQuality "1"]
[WhiteTeam "Nagyatad"]
[BlackTeam "Baja"]
[WhiteTeamCountry "HUN"]
[BlackTeamCountry "HUN"]

1. e4 c5 2. Nf3 e6 3. c3 Nf6 4. e5 Nd5 5. d4 cxd4 6. cxd4 d6 7. Bd3 Bd7 8. Nc3 Bc6 9. 0-0 Nxc3 10. bxc3 Nd7 11. Re1 dxe5 12. Nxe5 Nxe5 13. Rxe5 Be7 14. Qh5 g6 15. Qh6 Bf6 16. Bg5 Bxg5 17. Rxg5 Qe7 18. Rc5 Rd8 19. Qg7 Rf8 20. Rb1 f6 21. Qh6 Rf7 22. Bc4 Qd6 23. a4 Re7 24. Qe3 Kf8 25. a5 e5 26. dxe5 fxe5 27. h4 Kg7 28. h5 h6 29. Bb5 Bxb5 30. Rcxb5 Rdd7 31. Qxa7 gxh5 32. Rxb7 e4 33. a6 Qd3 34. Rxd7 1-0

[Event "HUN-chT2 Asztalos 1213"]
[Site "Hungary"]
[Date "2012.11.18"]
[Round "4.1"]
[White "Haszon, David"]
[Black "Nemeth, Antal"]
[Result "1/2-1/2"]
[WhiteElo "2282"]
[BlackElo "2316"]
[PlyCount "42"]
[EventDate "2012.09.16"]
[EventType "team-tourn"]
[EventRounds "9"]
[EventCountry "HUN"]
[SourceTitle "EXT 2014"]
[Source "ChessBase"]
[SourceDate "2013.11.20"]
[SourceVersion "1"]
[SourceVersionDate "2013.11.20"]
[SourceQuality "1"]
[WhiteTeam "Marcali"]
[BlackTeam "Baja"]
[WhiteTeamCountry "HUN"]
[BlackTeamCountry "HUN"]

1. e4 c5 2. Nf3 e6 3. d4 cxd4 4. Nxd4 a6 5. Bd3 d5 6. 0-0 dxe4 7. Bxe4 Nf6 8. Bf3 Bc5 9. Nb3 Qxd1 10. Rxd1 Bb6 11. Nc3 Nc6 12. Bf4 0-0 13. Na4 Ba7 14. Nac5 Bxc5 15. Nxc5 e5 16. Bxc6 exf4 17. Nxb7 Rb8 18. Nd6 Rxb2 19. Nxc8 Rxc8 20. Ba4 Ne4 21. Bb3 Nc5 1/2-1/2

[Event "HUN-chT2 Asztalos 1011"]
[Site "Hungary"]
[Date "2010.09.26"]
[Round "2.1"]
[White "Nemeth, Antal"]
[Black "Ivan, Zoltan"]
[Result "1-0"]
[WhiteElo "2256"]
[BlackElo "2190"]
[PlyCount "91"]
[EventDate "2010.09.12"]
[EventType "team-tourn"]
[EventRounds "11"]
[EventCountry "HUN"]
[SourceTitle "EXT 2012"]
[Source "ChessBase"]
[SourceDate "2011.11.24"]
[SourceVersion "1"]
[SourceVersionDate "2011.11.24"]
[SourceQuality "1"]
[WhiteTeam "Baja"]
[BlackTeam "Komlo"]
[WhiteTeamCountry "HUN"]
[BlackTeamCountry "HUN"]

1. Nf3 Nf6 2. g3 g6 3. Bg2 Bg7 4. 0-0 0-0 5. d4 c5 6. c4 cxd4 7. Nxd4 Nc6 8. Nc3 a6 9. h3 Qc7 10. Be3 Nxd4 11. Bxd4 d6 12. Rc1 Be6 13. b3 Rac8 14. Qd2 Qd7 15. Kh2 b5 16. Nd5 bxc4 17. Nb6 Qb5 18. Nxc8 Rxc8 19. bxc4 Bxc4 20. Rc2 e5 21. Ba1 Rd8 22. Rfc1 Be6 23. Rb2 Qa4 24. Qc2 Qe8 25. Rb6 Nd5 26. Rb7 Ne7 27. Qc7 Nf5 28. Qa5 d5 29. Rb6 Nd6 30. Rxa6 Nc4 31. Qa4 Bd7 32. Qc2 Bb5 33. Ra7 Bf8 34. e4 Bc5 35. Rc7 Bb6 36. Rb7 Qc6 37. Rxb6 Qxb6 38. exd5 Qd6 39. Qb3 Rb8 40. Rxc4 Bxc4 41. Qxc4 Rb1 42. Bc3 f6 43. Qc6 Qd8 44. d6 Rd1 45. Bd5+ Kh8 46. d7 1-0

[Event "HUN-chT2 Asztalos 0910"]
[Site "Hungary"]
[Date "2010.02.14"]
[Round "6"]
[White "Eltigani, Omar"]
[Black "Nemeth, Antal"]
[Result "1/2-1/2"]
[WhiteElo "2121"]
[BlackElo "2234"]
[PlyCount "62"]
[EventDate "2009.11.08"]
[EventType "team-tourn"]
[EventRounds "11"]
[EventCountry "HUN"]
[SourceTitle "EXT 2011"]
[Source "ChessBase"]
[SourceDate "2010.11.26"]
[SourceVersion "1"]
[SourceVersionDate "2010.11.26"]
[SourceQuality "1"]
[WhiteTeam "Decs II"]
[BlackTeam "Baja"]
[WhiteTeamCountry "HUN"]
[BlackTeamCountry "HUN"]

1. c4 Nf6 2. Nc3 d5 3. cxd5 Nxd5 4. g3 Nb6 5. Bg2 g6 6. Nf3 Bg7 7. 0-0 0-0 8. d3 h6 9. Be3 c6 10. Qc2 Nd5 11. Bd2 e5 12. a3 Be6 13. Rad1 Nd7 14. e4 Nxc3 15. Bxc3 c5 16. b4 Rc8 17. Qb2 cxb4 18. Bxb4 Re8 19. Rc1 Qb6 20. Bc3 Qxb2 21. Bxb2 Bb3 22. Bh3 Be6 23. Bxe6 fxe6 24. Rfd1 a6 25. Kf1 g5 26. h3 b5 27. Ke2 Kf7 28. Rxc8 Rxc8 29. Rc1 Rxc1 30. Bxc1 Bf8 31. Bb2 Bc5 1/2-1/2

[Event "HUN-chT2 Asztalos 0910"]
[Site "Hungary"]
[Date "2009.11.08"]
[Round "1"]
[White "Kele, Karoly"]
[Black "Nemeth, Antal"]
[Result "0-1"]
[WhiteElo "2125"]
[BlackElo "2234"]
[PlyCount "94"]
[EventDate "2009.11.08"]
[EventType "team-tourn"]
[EventRounds "11"]
[EventCountry "HUN"]
[SourceTitle "EXT 2011"]
[Source "ChessBase"]
[SourceDate "2010.11.26"]
[SourceVersion "1"]
[SourceVersionDate "2010.11.26"]
[SourceQuality "1"]
[WhiteTeam "Pannonpower II"]
[BlackTeam "Baja"]
[WhiteTeamCountry "HUN"]
[BlackTeamCountry "HUN"]

1. e4 c5 2. Nf3 e6 3. d4 cxd4 4. Nxd4 a6 5. Bd3 Nf6 6. c4 Qc7 7. 0-0 b6 8. Nc3 d6 9. Be3 Nbd7 10. Rc1 Bb7 11. f3 Rc8 12. b3 Be7 13. Qd2 0-0 14. Rfd1 Qb8 15. Kh1 Rfe8 16. Bf1 Ne5 17. Nde2 Ba8 18. Ng3 Bc6 19. a4 Bf8 20. Bg5 Ned7 21. Bd3 Bb7 22. Bc2 Bc6 23. Bd3 Rc7 24. Be2 Bb7 25. Qb2 Rc5 26. Be3 Rc6 27. Bd4 Rcc8 28. Re1 Qa8 29. Bd3 Qb8 30. Qf2 Bc6 31. b4 Ba8 32. f4 e5 33. fxe5 dxe5 34. Be3 Ng4 35. Qb2 Qd6 36. Nd5 Nxe3 37. Rxe3 Bxd5 38. exd5 Qxb4 39. Qc2 g6 40. Ne4 f5 41. Ng5 Qe7 42. Bxf5 Qxg5 43. Rg3 Qe7 44. Bxg6 hxg6 45. Qxg6+ Bg7 46. Rh3 Nf8 47. Qxb6 Qc5 0-1